[Event "Imperia Corallo op-C 1st"]
[Site "Imperia"]
[Date "2006.11.24"]
[Round "1.4"]
[White "Semeria, Silvio"]
[Black "Novaro, Federico"]
[Result "1-0"]
[WhiteElo "1392"]
[BlackElo "1386"]
[PlyCount "41"]
[EventDate "2006.11.24"]
[EventType "swiss"]
[EventRounds "5"]
[EventCountry "ITA"]
[SourceTitle "EXT 2024"]
[Source "ChessBase"]
[SourceDate "2023.10.10"]
[SourceVersion "1"]
[SourceVersionDate "2023.10.10"]
[SourceQuality "1"]

1. e4 e5 2. Bc4 d5 3. exd5 Bb4 4. Qf3 Nf6 5. Nc3 Bxc3 6. bxc3 0-0 7. Ba3 Bd7 8. Bxf8 Qxf8 9. Bd3 Nxd5 10. Qh5 g6 11. Qxe5 Nc6 12. Qxd5 Qe7+ 13. Ne2 Rf8 14. 0-0 Qe5 15. Qxd7 Rd8 16. Qh3 Na5 17. f4 Qd6 18. f5 Qc6 19. fxg6 Qa4 20. Rxf7 Rd6 21. Qxh7# 1-0